书目信息 |
| 题名: |
毛泽东与周恩来
|
|
| 作者: | 单秀法 著 | |
| 分册: | ||
| 出版信息: | 北京 中国青年出版社 2008 |
|
| 页数: | 262页 | |
| 开本: | 24cm | |
| 丛书名: | 毛泽东与政要交往书系 | |
| 单 册: | ||
| 中图分类: | K827=73 , A752 | |
| 科图分类: | ||
| 主题词: | 毛泽东--生平事迹 , 毛泽东--传记 | |
| 电子资源: | ||
| ISBN: | 978-7-5006-8058-1 | |
| 000 | 01105oam2 2200325 450 | |
| 001 | 1263273344 | |
| 005 | 20090929100207.56 | |
| 010 | @a978-7-5006-8058-1@dCNY20.00 | |
| 100 | @a20080418d2008 em y0chiy50 ea | |
| 101 | 0 | @achi |
| 102 | @aCN@b110000 | |
| 105 | @aa z 000yd | |
| 106 | @ar | |
| 200 | 1 | @a毛泽东与周恩来@f单秀法著@Amao ze dong yu zhou en lai |
| 210 | @a北京@c中国青年出版社@d2008 | |
| 215 | @a262页@c照片@d24cm | |
| 225 | 2 | @a毛泽东与政要交往书系 |
| 330 | @a本书描述了毛泽东与周恩来这两位传主在中国革命斗争中并肩战斗、密切配合的情形以及他们之间的某些矛盾,分析他们在重大战略决策中表现出的才智、胆略和不同的文化品格特征,反映他们具体而真实的关系。 | |
| 461 | 0 | @1001003743191 |
| 600 | 0 | @a毛泽东@f(1893-1976) |
| 600 | 0 | @a毛泽东@f(1893-1976)@x生平事迹 |
| 600 | 0 | @a周恩来@f(1898-1976)@x生平事迹 |
| 600 | 0 | @a周恩来@f(1898-1976) |
| 606 | 0 | @a毛泽东@x生平事迹 |
| 606 | 0 | @a毛泽东@x传记 |
| 690 | @aK827=73@v4 | |
| 690 | @aA752@v4 | |
| 701 | 0 | @a单秀法@f(1950~)@4著@Ashan xiu fa |
| 801 | 0 | @aCN@b110120@c20080229 |
| 905 | @a10447@dA752@eJY63 | |
| 毛泽东与周恩来/单秀法著.-北京:中国青年出版社,2008 |
| 262页:照片;24cm .-(毛泽东与政要交往书系 ) |
| ISBN 978-7-5006-8058-1:CNY20.00 |
| 本书描述了毛泽东与周恩来这两位传主在中国革命斗争中并肩战斗、密切配合的情形以及他们之间的某些矛盾,分析他们在重大战略决策中表现出的才智、胆略和不同的文化品格特征,反映他们具体而真实的关系。 |
| ● |
| 相关链接 |
|
|
|
|
正题名:毛泽东与周恩来
索取号:A752/JY63
 
预约/预借
| 序号 | 登录号 | 条形码 | 馆藏地/架位号 | 状态 | 备注 |
| 1 | 7809417 | 278094170 | 学院路分馆/ [索取号:A752/JY63] | 在馆 | |
| 2 | 7809418 | 278094189 | 学院路分馆/ [索取号:A752/JY63] | 在馆 | |
| 3 | 7809419 | 278094198 | 学院路分馆/ [索取号:A752/JY63] | 在馆 |